| 000 | 01010nam0a22002771 4500 | ||
|---|---|---|---|
| 001 | rc\283308 | ||
| 005 | 20250621015833.0 | ||
| 010 |
_a5-283-00128-8 _99000 |
||
| 035 | _a(NLR Aleph) 005511655 | ||
| 090 |
_a5413413 _c5413413 |
||
| 100 | _a20030307d1990 |||y0rusy50 ca | ||
| 101 | 0 | _arus | |
| 102 | _aRU | ||
| 105 | _aa ||||||||| | ||
| 200 | 1 |
_aТеплоэнергетические системы промышленных предприятий _e[Учеб. пособие для вузов по спец. "Пром. теплоэнергетика"] |
|
| 210 |
_aМ. _cЭнергоатомиздат _d1990 |
||
| 215 |
_a302 с. _cил. _d21 |
||
| 320 | _aБиблиогр.: с. 276-277 (34 назв.) | ||
| 320 | _aПредм. указ.: с. 292-294 | ||
| 700 | 1 |
_aСазанов _bБ.В. _gБорис Викторович |
|
| 701 | 1 |
_aСитас _bВ.И. _gВиктор Иванович |
|
| 801 | 0 |
_aRU _bNLR _gpsbo |
|
| 801 | 1 |
_aRU _bELAR _2rusmarc |
|
| 852 |
_aNLR _j90-5/5515 |
||
| 942 | _cBOOK | ||
| 980 | _aNB | ||